América Latina: hoy /
Gorde:
| Erakunde egilea: | |
|---|---|
| Formatua: | Liburua |
| Hizkuntza: | Spanish |
| Argitaratua: |
Madrid:
SEPLA,
1991-
|
| Gaiak: | |
| Etiketak: |
Etiketa erantsi
Etiketarik gabe, Izan zaitez lehena erregistro honi etiketa jartzen!
|
MARC
| LEADER | 00000nam a22000007a 4500 | ||
|---|---|---|---|
| 003 | cru CIDCACS/IIS | ||
| 005 | 20190301152852.0 | ||
| 007 | ta | ||
| 008 | 190301s1991 sp |||p|r||||||0| ||spa|d | ||
| 999 | |c 42224 |d 42224 | ||
| 022 | |2 11302887 | ||
| 040 | |c cru CIDCACS/IIS | ||
| 090 | |a REV0294 | ||
| 110 | 2 | |9 8359 |a Semanario de Estudios Políticos sobre América Latina (SEPLA) | |
| 245 | 1 | |a América Latina: |b hoy / |c Semanario de Estudios Políticos sobre América Latina | |
| 260 | |a Madrid: |b SEPLA, |c 1991- | ||
| 270 | |a Facultad de Ciencias Políticas y Sociología, Despacho 3414, Campus de Somosaguas, sln. Madrid 28023 |d España | ||
| 500 | |a EXISTENCIAS PPS : 1991 (1, 2) 1992 (3-4) II EPOCA 1994 (9) 1997 (15), 2001 (27) 2006 (42) | ||
| 650 | 0 | |9 75 |a CIENCIAS SOCIALES | |
| 650 | 4 | |9 1921 |a INTERVENCION EXTRANJERA | |
| 650 | 0 | |9 370 |a POLITICA EXTERIOR | |
| 651 | 0 | |9 17 |a AMERICA LATINA | |
| 942 | |2 ddc |c PP | ||
